000 00828nam a2200253Ia 4500
003 OSt
005 20221005112805.0
006 a|||||r|||| 00| 0
007 ta
008 221004b |||||||| |||| 00| 0 pan d
020 _c175
024 _a95167
037 _b72870, 31/12/2008, Arsee Publishers
_cTextual
040 _aCRL
_cCRL
_bpan
041 _2pan
_apan
082 _aO153,1NBIRx, P4
100 _aਬੀਰ, ਬੀ ਐਸ
245 0 _aਰੌਨੀਆਂ ਦੇ ਪਿਰਾਮਿਡ
260 _aਦਿੱਲੀ
_bਆਰਸੀ ਪਬਲਿਰਗ਼ ਭਾਰਤ
_c2004
300 _a158ਪੰ
_ccm.
650 _aਪੰਜਾਬੀ ਸਾਹਿਤ
942 _hO153,1NBIRx, P4
_cTEXL
_2cc
999 _c1025976
_d1025976